home page   АИС "Историко-культурное наследие Беларуси"
  Базовый | Расширенный | Профессиональный | Словарь персоналий | Тематический словарь | По видам объектов История запросов  Заказы    Регистрация

Запись в MARC-формате

копировать MARC-запись

=LDR  00000nx\\c2200217\\\45\\
=001  BY-NLB-ar89076
=005  20160330095644.6
=100  \\$a20001231arusy50\\\\\\ca0
=152  \\$apsbo
=160  \\$ae-bw
=215  \\$aТурец, деревня (Кореличский район)
=300  1\$aУпоминается под 1276 г. С 1795 г. в Российской империи, местечко Новогрудского уезда. С 1921 г. в Польше. С 1926 г. - центр гмины Столбцовского повета Новогрудского воеводства. С 1939 г. в БССР. С 1940 г. - деревня, центр сельсовета Мирского района, с 1956 г. в Кореличском, в 1962--1965 гг. в Новогрудском районе.
=356  \\$aЦентр Турецкого сельсовета Кореличского района Гродненской области.
=515  \\$5w$3BY-NLB-ar89077$aТурэц, вёска (Карэліцкі раён)
=801  \2$aBY$bBY-HM0000$c20070718
=801  \0$aBY$bBY-HM0000$c20001231
=801  \1$aBY$bBY-HM0000$c20040804
=810  \\$aБеларуская энцыклапедыя. Т. 16. – Мн., 2003.
=810  \\$aНазвы населеных пунктаў Рэспублікі Беларусь : Гродзен. вобл. : нармат. давед. – Мн., 2004.
=810  \\$aЕдиный реестр административно-территориальных и территориальных единиц Республики Беларусь : [электрон. ресурс : данные по состоянию на 18.07.2007].
=999  \\$g2786$t20070718

Чтобы вернуться назад, щелкните кнопку BACK на Вашем браузере